[Event "2. Bundesliga Ost 2018/2019"]
[Site "alle Wien"]
[Date "2019.03.10"]
[Round "9"]
[Board "3"]
[White "Steindl, Johannes"]
[Black "Ziegner, Markus"]
[Result "1-0"]
[WhiteElo "2215"]
[BlackElo "2121"]
[PlyCount "83"]
[EventDate "2018.10.06"]
[EventType "team"]
[EventRounds "11"]
[EventCountry "AUT"]
[WhiteTeam "mpimmo Wien - SK Ottakring"]
[BlackTeam "DeLaVie Oberwart - www.trink-vitamine.at"]

1. e4 c6 2. d4 d5 3. Nd2 dxe4 4. Nxe4 Bf5 5. Ng3 Bg6 6. h4 h6 7. Nf3 Nd7 8. h5
Bh7 9. Bd3 Bxd3 10. Qxd3 e6 11. Bd2 Ngf6 12. O-O-O Be7 13. Kb1 O-O 14. Ne4 Nxe4
15. Qxe4 Nf6 16. Qe2 Qd5 17. Be3 Ng4 18. Bc1 Qb5 19. c4 Qf5+ 20. Ka1 Nf6 21.
Ne5 Qe4 22. Be3 c5 23. f3 Qh7 24. dxc5 Rfc8 25. Rhe1 a5 26. g4 a4 27. a3 Ra5
28. Bd2 Raxc5 29. Nxf7 R5c6 30. Ne5 Qc2 31. Rc1 Qb3 32. Rc3 Qb6 33. Nxc6 Rxc6
34. g5 hxg5 35. Bxg5 Qa5 36. f4 b5 37. Qe5 Qd8 38. cxb5 Rd6 39. Rec1 Rd1 40.
Qxe6+ Kh7 41. Qf5+ Kh8 42. Qb1  1-0

[Event "2. Bundesliga Ost 2018/2019"]
[Site "alle Wien"]
[Date "2019.03.10"]
[Round "9"]
[Board "4"]
[White "Prochaska, Juergen"]
[Black "Bauer, Thomas"]
[Result "0-1"]
[WhiteElo "1882"]
[BlackElo "2244"]
[PlyCount "102"]
[EventDate "2018.10.06"]
[EventType "team"]
[EventRounds "11"]
[EventCountry "AUT"]
[WhiteTeam "DeLaVie Oberwart - www.trink-vitamine.at"]
[BlackTeam "mpimmo Wien - SK Ottakring"]

1. e4 g6 2. d4 d6 3. Nc3 Bg7 4. Nf3 Nf6 5. Be2 O-O 6. O-O c6 7. a4 Qc7 8. Bg5
a5 9. Qd2 Bg4 10. h3 Bxf3 11. Bxf3 Nbd7 12. Rfd1 Rfe8 13. Bf4 e5 14. dxe5 dxe5
15. Be3 Bf8 16. Qe2 Nc5 17. Qc4 Ne6 18. Bg4 Nxg4 19. hxg4 Qe7 20. g3 Qb4 21.
Qxb4 axb4 22. Ne2 Bc5 23. Rd3 Ra5 24. b3 Bxe3 25. Rxe3 Rd8 26. Rc1 Rd2 27. Kf1
Rc5 28. c3 bxc3 29. Rcxc3 Kf8 30. b4 Rxc3 31. Rxc3 Rb2 32. Rc4 Ng5 33. b5 cxb5
34. axb5 Rxb5 35. Nc3 Rb3 36. Kg2 Ne6 37. Nd5 Rb2 38. Rc8+ Kg7 39. Kf1 Ng5 40.
f4 Nxe4 41. g5 h6 42. gxh6+ Kxh6 43. fxe5 Nxg3+ 44. Kg1 Ne2+ 45. Kf1 Ng3+ 46.
Kg1 Re2 47. Nf6 Kg5 48. Rc7 Rxe5 49. Rxf7 b5 50. Ng8 Nf5 51. Rf6 Re8  0-1

[Event "2. Bundesliga Ost 2018/2019"]
[Site "alle Wien"]
[Date "2019.03.10"]
[Round "9"]
[Board "6"]
[White "Hupfer, Georg"]
[Black "Mayrhuber, Tobias"]
[Result "1/2-1/2"]
[WhiteElo "1774"]
[BlackElo "1981"]
[PlyCount "75"]
[EventDate "2018.10.06"]
[EventType "team"]
[EventRounds "11"]
[EventCountry "AUT"]
[WhiteTeam "DeLaVie Oberwart - www.trink-vitamine.at"]
[BlackTeam "mpimmo Wien - SK Ottakring"]

1. c4 c6 2. Nc3 d5 3. cxd5 cxd5 4. d4 Nc6 5. Nf3 Nf6 6. Bg5 e6 7. e3 Qb6 8. Qc1
Bd7 9. Be2 Ne4 10. O-O f5 11. Bf4 Rc8 12. Nd2 Be7 13. Ndxe4 fxe4 14. Qd2 O-O
15. f3 exf3 16. Rxf3 Na5 17. Rb1 Nc4 18. Qc2 Qa5 19. Rh3 g6 20. Bh6 Rfd8 21.
Rg3 Be8 22. Bh5 Na3 23. Qd3 Qa6 24. Qxa6 bxa6 25. Rf1 Nc4 26. Rgf3 Bc6 27. Rf7
Bf8 28. Bxf8 Rxf8 29. Rxf8+ Rxf8 30. Rxf8+ Kxf8 31. Bg4 Ke7 32. Nd1 Kd6 33. Kf2
e5 34. b3 Nd2 35. Nc3 Ne4+ 36. Nxe4+ dxe4 37. dxe5+ Kxe5 38. Ke1  1/2-1/2

[Event "2. Bundesliga Ost 2018/2019"]
[Site "alle Wien"]
[Date "2019.03.10"]
[Round "9"]
[Board "1"]
[White "Baumegger, Siegfried"]
[Black "Zilka, Stepan"]
[Result "1-0"]
[WhiteElo "2446"]
[BlackElo "2533"]
[PlyCount "239"]
[EventDate "2018.10.06"]
[EventType "team"]
[EventRounds "11"]
[EventCountry "AUT"]
[WhiteTeam "tschaturanga"]
[BlackTeam "Blackburne Nickelsdorf"]

1. e4 e5 2. Nf3 Nc6 3. Bb5 a6 4. Ba4 Nf6 5. O-O Be7 6. Re1 b5 7. Bb3 O-O 8. d3
d6 9. c3 Na5 10. Bc2 c5 11. Nbd2 Nc6 12. Nf1 Re8 13. h3 Bf8 14. Bg5 h6 15. Bh4
Be6 16. Ne3 Rc8 17. a4 g5 18. Bg3 Bg7 19. Bb3 Qd7 20. h4 g4 21. Nh2 h5 22. f3
gxf3 23. Nxf3 c4 24. axb5 axb5 25. dxc4 Nxe4 26. cxb5 Nxg3 27. bxc6 Qxc6 28.
Ba4 Qb6 29. Bxe8 Rxe8 30. Kh2 e4 31. Kxg3 exf3 32. gxf3 Qxb2 33. Nd5 Qb7 34.
Rb1 Qc8 35. Qd3 Qd8 36. Rbd1 Bxd5 37. Qxd5 Rxe1 38. Rxe1 Bxc3 39. Re3 Qa5 40.
Qxa5 Bxa5 41. Rd3 Kg7 42. Rd5 Be1+ 43. Kh3 Kg6 44. Rxd6+ f6 45. Rd5 Bc3 46. Rc5
Be5 47. Kg2 Kf5 48. Kf2 Kg6 49. Rc4 Kf5 50. Ke3 Bg3 51. Re4 Kg6 52. Kd4 Kf7 53.
Kd5 Bf2 54. Ra4 Bg3 55. Ke4 Kg6 56. Ke3 Kf5 57. Rc4 Kg6 58. Kd3 Kf5 59. Re4 Kg6
60. Kc4 Kf7 61. Kd5 Bf2 62. Rc4 Bg3 63. Rb4 Be1 64. Rb7+ Kg6 65. Ke6 Bxh4 66.
f4 Be1 67. Rb1 Bc3 68. Rg1+ Kh6 69. Kf5 Bd4 70. Rg3 Bb2 71. Rg8 Kh7 72. Rg2 Bc3
73. Ke4 Kh6 74. Rg8 Kh7 75. Rc8 Ba1 76. f5 Be5 77. Kf3 Kg7 78. Rc1 h4 79. Kg4
Bg3 80. Rc8 Kf7 81. Rc6 Ke7 82. Re6+ Kf7 83. Re3 Kf8 84. Rd3 Ke8 85. Kh5 Ke7
86. Kg6 Bf4 87. Kh5 Bg5 88. Rd1 Ke8 89. Kg6 Ke7 90. Rd3 Ke8 91. Kh5 Ke7 92. Kg4
Ke8 93. Kf3 Ke7 94. Ke4 Ke8 95. Ra3 Kd7 96. Kd5 Kc7 97. Rb3 Bf4 98. Kc5 Bg5 99.
Ra3 Kb7 100. Kd5 Kb6 101. Rb3+ Kc7 102. Rb1 Bf4 103. Rb4 Bg5 104. Rb3 Bf4 105.
Rh3 Bg5 106. Rh2 Kd7 107. Ra2 Kc7 108. Ra7+ Kb6 109. Rh7 Ka5 110. Rb7 Bf4 111.
Rb3 Ka4 112. Kc4 Bg5 113. Rb1 Ka5 114. Kd4 Bf4 115. Ke4 Be5 116. Rh1 Bg3 117.
Kd5 Kb4 118. Ke6 Kc4 119. Kxf6 Kd5 120. Kg6  1-0

[Event "2. Bundesliga Ost 2018/2019"]
[Site "alle Wien"]
[Date "2019.03.10"]
[Round "9"]
[Board "2"]
[White "Schwarhofer, Christopher"]
[Black "Sadilek, Peter"]
[Result "0-1"]
[WhiteElo "2379"]
[BlackElo "2291"]
[PlyCount "82"]
[EventDate "2018.10.06"]
[EventType "team"]
[EventRounds "11"]
[EventCountry "AUT"]
[WhiteTeam "Blackburne Nickelsdorf"]
[BlackTeam "tschaturanga"]

1. e4 d6 2. d4 Nf6 3. Nc3 g6 4. f3 c6 5. Be3 Nbd7 6. g4 b5 7. g5 Nh5 8. Qd2 Bg7
9. Be2 Nb6 10. b3 a5 11. Rc1 b4 12. Nd1 d5 13. c4 bxc3 14. Qxc3 O-O 15. Nf2
dxe4 16. fxe4 c5 17. Qxc5 Bb7 18. Bg4 f5 19. gxf6 Nxf6 20. Be6+ Kh8 21. d5
Nbxd5 22. Rd1 Nxe3 23. Qxe3 Qc7 24. Nf3 Ba6 25. Ng5 Nh5 26. Rc1 Qd6 27. Nf7+
Rxf7 28. Bxf7 Nf4 29. Qd2 Ng2+ 30. Kd1 Qxd2+ 31. Kxd2 Bh6+ 32. Kc2 Rf8 33. Rcg1
Ne3+ 34. Kb2 Rxf7 35. Ng4 Bg7+ 36. Ka3 Nxg4 37. Rxg4 Rf2 38. Rd1 Bc3 39. e5 Bb5
40. Rb1 Bxe5 41. b4 a4  0-1

[Event "2. Bundesliga Ost 2018/2019"]
[Site "alle Wien"]
[Date "2019.03.10"]
[Round "9"]
[Board "3"]
[White "Sadilek, Maximilian"]
[Black "Pinter, Erik"]
[Result "1-0"]
[WhiteElo "2245"]
[BlackElo "2360"]
[PlyCount "81"]
[EventDate "2018.10.06"]
[EventType "team"]
[EventRounds "11"]
[EventCountry "AUT"]
[WhiteTeam "tschaturanga"]
[BlackTeam "Blackburne Nickelsdorf"]

1. e4 c5 2. Nc3 Nc6 3. Bb5 Nd4 4. Bc4 e6 5. Nge2 Nf6 6. O-O a6 7. d3 d5 8. exd5
exd5 9. Nxd5 Nf3+ 10. Kh1 Nxd5 11. Nc3 Nxh2 12. Re1+ Ne7 13. Qh5 g6 14. Qxh2
Be6 15. Bxe6 fxe6 16. Qe5 Qd4 17. Qxe6 Qd7 18. Qe5 Qd4 19. Bg5 Qxe5 20. Rxe5
Kf7 21. Rxc5 Nc6 22. Rd5 h6 23. Bh4 g5 24. Bg3 Re8 25. Rd7+ Re7 26. Rxe7+ Bxe7
27. Nd5 h5 28. Re1 Bc5 29. Kg1 h4 30. Bc7 g4 31. c3 g3 32. d4 Nxd4 33. cxd4
Bxd4 34. Re7+ Kg6 35. Ne3 Rc8 36. Kf1 Bc5 37. Bd6 Bxe3 38. Rxe3 Rc1+ 39. Re1
Rc2 40. fxg3 hxg3 41. Rb1  1-0

[Event "2. Bundesliga Ost 2018/2019"]
[Site "alle Wien"]
[Date "2019.03.10"]
[Round "9"]
[Board "4"]
[White "Vlcek, Stanislav"]
[Black "Lenz, Alarich"]
[Result "1/2-1/2"]
[WhiteElo "2284"]
[BlackElo "2126"]
[PlyCount "75"]
[EventDate "2018.10.06"]
[EventType "team"]
[EventRounds "11"]
[EventCountry "AUT"]
[WhiteTeam "Blackburne Nickelsdorf"]
[BlackTeam "tschaturanga"]

1. e4 c5 2. Nf3 g6 3. d4 cxd4 4. Nxd4 Nc6 5. c4 Bg7 6. Be3 Nf6 7. Nc3 O-O 8.
Be2 d6 9. O-O Bd7 10. Qd2 Nxd4 11. Bxd4 Bc6 12. f3 a5 13. b3 Nd7 14. Be3 Nc5
15. Rfc1 e6 16. Rc2 Be5 17. Bf1 f5 18. exf5 gxf5 19. Bd4 Qh4 20. Bxe5 dxe5 21.
Rd1 Rad8 22. Qe3 Rxd1 23. Nxd1 Qd4 24. Rd2 Qxe3+ 25. Nxe3 Kf7 26. Kf2 Ke7 27.
Nd1 Rg8 28. g3 Kf6 29. Ke3 Ke7 30. Be2 Kf6 31. Nc3 Ke7 32. Bd1 Ra8 33. a3 Kf6
34. Bc2 Be8 35. Rd6 Ke7 36. Rd1 Rc8 37. g4 Bg6 38. gxf5  1/2-1/2

[Event "2. Bundesliga Ost 2018/2019"]
[Site "alle Wien"]
[Date "2019.03.10"]
[Round "9"]
[Board "5"]
[White "Leitner, Gerald"]
[Black "Bachofner, Andreas"]
[Result "0-1"]
[WhiteElo "2103"]
[BlackElo "2184"]
[PlyCount "78"]
[EventDate "2018.10.06"]
[EventType "team"]
[EventRounds "11"]
[EventCountry "AUT"]
[WhiteTeam "tschaturanga"]
[BlackTeam "Blackburne Nickelsdorf"]

1. g3 e6 2. Bg2 f5 3. c4 Nf6 4. Nf3 Be7 5. O-O O-O 6. d4 d6 7. Nc3 Ne4 8. Qc2
Nxc3 9. Qxc3 Bf6 10. Rd1 Nc6 11. Qc2 a5 12. a3 Qe8 13. d5 Nd8 14. dxe6 Nxe6 15.
Be3 Bd7 16. Nd4 Nxd4 17. Bxd4 Bc6 18. Bd5+ Kh8 19. Rac1 a4 20. e3 Ra5 21. Bxf6
Rxf6 22. Rd4 Rc5 23. Qd1 Rf8 24. Rc3 g6 25. Qd3 Qe5 26. Kg2 Kg7 27. Qd1 Ra8 28.
Qd3 Ra6 29. Qd1 Bd7 30. Bf3 Rb6 31. Qc2 Qe8 32. Rd5 Bc6 33. Rxc5 dxc5 34. Bxc6
Qxc6+ 35. f3 Qf6 36. h4 Rd6 37. Qxa4 Rd2+ 38. Kh3 g5 39. hxg5 Qxg5  0-1

[Event "2. Bundesliga Ost 2018/2019"]
[Site "alle Wien"]
[Date "2019.03.10"]
[Round "9"]
[Board "6"]
[White "Bachofner, Christian"]
[Black "Devine, Christopher"]
[Result "0-1"]
[WhiteElo "2012"]
[BlackElo "2088"]
[PlyCount "104"]
[EventDate "2018.10.06"]
[EventType "team"]
[EventRounds "11"]
[EventCountry "AUT"]
[WhiteTeam "Blackburne Nickelsdorf"]
[BlackTeam "tschaturanga"]

1. e4 d6 2. d4 Nf6 3. Nc3 g6 4. Be2 Bg7 5. Nf3 Nc6 6. h3 O-O 7. Be3 e5 8. dxe5
Nxe5 9. Nxe5 dxe5 10. Qxd8 Rxd8 11. O-O Be6 12. Rfd1 c6 13. a4 Rxd1+ 14. Rxd1
Bf8 15. g4 h6 16. f3 Kg7 17. b3 Nd7 18. Bc4 Bc5 19. Bxc5 Nxc5 20. Bxe6 Nxe6 21.
Ne2 a5 22. Kf2 Kf6 23. Kg3 Ke7 24. Kf2 b5 25. axb5 cxb5 26. Rd5 a4 27. bxa4
bxa4 28. Rd1 a3 29. Ra1 Kd6 30. Ra2 Kc5 31. Ke3 Kb4 32. h4 Rd8 33. Nc1 Nf4 34.
c3+ Ka4 35. Rc2 Rd1 36. c4 Re1+ 37. Kd2 Rh1 38. c5 Rh2+ 39. Kc3 Rxc2+ 40. Kxc2
Kb5 41. Kb3 Kxc5 42. Kxa3 Kd4 43. Kb4 Ke3 44. Kc5 Kxf3 45. Kd6 Kxe4 46. Ke7 f5
47. gxf5 Kxf5 48. Kf7 e4 49. Nb3 e3 50. Kg7 h5 51. Kh6 e2 52. Nd4+ Kf6  0-1